Diccionario razonado del occidente medieval
Saved in:
| Main Authors: | , |
|---|---|
| Format: | Book |
| Language: | Spanish |
| Published: |
Madrid
Akal
2003
|
| Series: | Akal Diccionarios, 36
|
| Subjects: | |
| Tags: |
Add Tag
No Tags, Be the first to tag this record!
|
MARC
| LEADER | 00000cam a2200000 a 4500 | ||
|---|---|---|---|
| 001 | UCG8909 | ||
| 003 | CL-VaPUC | ||
| 008 | 120106e20030000SP |||||||||||||||||spa|d | ||
| 020 | |a 8446014580 | ||
| 082 | 0 | 4 | |a 940.103 |b LEG |2 21 |
| 100 | |a Le Goff, Jacques |e author |9 322549 | ||
| 700 | 0 | |a Schmitt, Jean-Claude |e author |9 560180 | |
| 245 | 1 | 0 | |a Diccionario razonado del occidente medieval |
| 300 | |a 816 p | ||
| 942 | |c BK | ||
| 945 | |d 20120106 00:00:00 |a dcastane | ||
| 260 | |a Madrid |b Akal |c 2003 | ||
| 650 | 0 | |a Edad media |9 258041 | |
| 650 | 0 | |a Diccionarios |9 256200 | |
| 583 | |a last modification |c 20120106 11:45:00 |k Rodrigo Vera | ||
| 490 | 0 | |a Akal Diccionarios, 36 | |
| 999 | |c 346496 |d 346494 | ||
| 952 | |0 0 |1 0 |4 0 |6 940_103000000000000_LEG_2003 |7 0 |8 F |9 447192 |a BIBHIS |b BIBHIS |d 2019-11-22 |i 4819772 |l 1 |o 940.103 LEG 2003 |p 4819772 |r 2024-01-30 |s 2022-07-04 |w 2019-11-22 |y BK_F |k HIS | ||